000 00831nam a2200229 a 4500
001 41170
003 BD-RjUL
005 20211209053336.0
008 160516s1975 bg ||||| |||| 00| 0 ben d
020 _cTk. 20.00
035 _a(BD-RjUL)41286
040 _aBD-RjUL
_bben
_cBD-RjUL
_dBD-RjUL
041 _aben
082 _223
_a891.4414
_bDEM 1975
100 _aদেবী, মৈত্রেয়ী
_9126639
245 _aমংপুতে রবীন্দ্রনাথ /
_cমৈত্রেয়ী দেবী
260 _aঢাকা :
_bমুক্তধারা,
_c১৯৭৫
300 _a[১৬], ২৬৩ পৃ. ;
_c২৩ সেমি.
600 _aরবীন্দ্রঠাকুর
_d১৮৬১-১৯৪১
_9126677
600 _aRabindranath Tagore
_d1861-1941
_9121263
942 _2ddc
_cBK
999 _c41170
_d41170